00512cam a22001694a 4500020003700000020003900037040000800076082002600084100002400110245004100134250002700175260004300202300003400245650001800279650002600297650001900323 a3540673407 (Berlin : alk. paper) a3540622012 (New York : alk. paper) cDLC00a330 SPR 2000 A073 Or.1 aWinkelmann, Rainer.10aEconometric analysis of count data / a3rd, rev. and enl. ed. aBerlin ;aNew York :bSpringer,c2000. axii, 282 p. :bill. ;c24 cm. 0aEconometrics. 0aTime-series analysis. 0aLabor mobility